Africa en Santo Domingo : (Registro nro. 14396)

Detalles MARC
000 -LEADER
fixed length control field 01380nam a2200289 a 4500
001 - CONTROL NUMBER
control field 000025430
003 - CONTROL NUMBER IDENTIFIER
control field DO-SdBNP
005 - DATE AND TIME OF LATEST TRANSACTION
control field 20230704113621.0
008 - FIXED-LENGTH DATA ELEMENTS--GENERAL INFORMATION
fixed length control field 110216s1990 dr ad 000 0 spa d
040 ## - CATALOGING SOURCE
Original cataloging agency DO-SdBNP
Language of cataloging spa
Transcribing agency BPMSU
082 #4 - DEWEY DECIMAL CLASSIFICATION NUMBER
Classification number 306.44089
Item number M496a 1990
Edition number 22
100 1# - MAIN ENTRY--PERSONAL NAME
Personal name Megenney, William W.
245 10 - TITLE STATEMENT
Title Africa en Santo Domingo :
Remainder of title su herencia lingüística /
Statement of responsibility, etc. William W. Megenney.
260 ## - PUBLICATION, DISTRIBUTION, ETC. (IMPRINT)
Place of publication, distribution, etc. Santo Domingo :
Name of publisher, distributor, etc. Museo del Hombre Dominicano :
-- Academia de Ciencias de la República Dominicana,
Date of publication, distribution, etc. 1990.
Manufacturer
300 ## - PHYSICAL DESCRIPTION
Extent 252 p. :
Other physical details il., gráfcs., tablas ;
Dimensions 22 cm.
500 ## - GENERAL NOTE
General note Incluye referencias bibliográficas y notas al pie de las páginas
504 ## - BIBLIOGRAPHY, ETC. NOTE
Bibliography, etc Bibliografía : p. 237-250
505 0# - FORMATTED CONTENTS NOTE
Formatted contents note Introducción --
Title La trata esclavista entre el África y El Caribe --
-- La sociolingüística --
-- Fonología, morfología, sintaxis, entonación --
-- Léxico de posible origen africano --
-- Otro léxico --
Miscellaneous information Conclusiones --
-- Bibliografía --
Title Lista de las lenguas subsaharianas incluidas en el libro y los países en donde se hablan.
590 ## - LOCAL NOTE (RLIN)
Local note Inventariado, 2023/VM
650 #4 - SUBJECT ADDED ENTRY--TOPICAL TERM
Topical term or geographic name as entry element Lingüística
General subdivision Investigaciones
650 #4 - SUBJECT ADDED ENTRY--TOPICAL TERM
Topical term or geographic name as entry element Español
General subdivision Dialectos
Geographic subdivision República Dominicana
650 #4 - SUBJECT ADDED ENTRY--TOPICAL TERM
Topical term or geographic name as entry element Lenguas africanas
650 #4 - SUBJECT ADDED ENTRY--TOPICAL TERM
Topical term or geographic name as entry element Lenguaje y lenguas
650 #4 - SUBJECT ADDED ENTRY--TOPICAL TERM
Topical term or geographic name as entry element Africanos
Geographic subdivision República Dominicana
910 ## - USER-OPTION DATA (OCLC)
User-option data VMateo V. Control de calidad (BPMSU)
942 ## - ADDED ENTRY ELEMENTS (KOHA)
Source of classification or shelving scheme Dewey Decimal Classification
Koha item type Libros
Existencias
Withdrawn status Lost status Source of classification or shelving scheme Damaged status Not for loan Collection code Home library Current library Date acquired Total Checkouts Full call number Barcode Date last seen Price effective from Koha item type
    Dewey Decimal Classification     Colección Dominicana Biblioteca Pública Metropolitana Salomé Ureña Biblioteca Pública Metropolitana Salomé Ureña 07/04/2023   BPMSU CD 306.44089 M496a 1990 BPMSU23070004 07/04/2023 07/04/2023 Libros